|
|
|
|
| LEADER |
00000cam a2200000 7i4500 |
| 001 |
0000113473 |
| 005 |
20080108.0 |
| 020 |
|
|
|a 9789833655915
|
| 090 |
0 |
0 |
|a 658.4012
|b MOH
|
| 100 |
1 |
|
|a Mohd. Hizam Hanafiah
|
| 245 |
1 |
0 |
|a Pengurusan strategik
|c Mohd. Hizam Hanafiah, Abdullah Sanusi Othman
|
| 260 |
|
|
|a Petaling Jaya :
|b Prentice Hall Pearson Malaysia Sdn.Bhd. ,
|c 2007
|
| 300 |
|
|
|a 511p. ;
|c 26cm.
|
| 650 |
0 |
0 |
|a Corporate planning
|
| 650 |
0 |
0 |
|a Strategic management
|
| 650 |
0 |
0 |
|a Strategic planning
|
| 700 |
0 |
|
|a Abdullah Sanusi Othman
|
| 999 |
|
|
|a 00207991
|b BUKU
|c PINJAMAN
|e PERPUSTAKAAN KOMUNITI PETALING JAYA
|